Necesidades y expectativas de las adolescentes en el Distrito Federal: informe preliminar de investigación (Registro nro. 20226)
| 000 -CABECERA | |
|---|---|
| campo de control de longitud fija | 01418nam a2200313Ia 4500 |
| 008 - DATOS DE LONGITUD FIJA--INFORMACIÓN GENERAL | |
| campo de control de longitud fija | 210312s9999||||xx |||||||||||||| ||und|| |
| 040 ## - FUENTE DE LA CATALOGACIÓN | |
| Centro catalogador/agencia de origen | IMDF |
| 040 ## - FUENTE DE LA CATALOGACIÓN | |
| Lengua de catalogación | spa |
| 040 ## - FUENTE DE LA CATALOGACIÓN | |
| Centro/agencia transcriptor | Semujeres CDMX |
| 041 ## - CÓDIGO DE LENGUA | |
| Código de lengua del sumario o resumen | spa |
| 082 ## - NÚMERO DE LA CLASIFICACIÓN DECIMAL DEWEY | |
| Número de clasificación | IMDF,305.235,I57 |
| 245 ## - MENCIÓN DE TÍTULO | |
| Título | Necesidades y expectativas de las adolescentes en el Distrito Federal: informe preliminar de investigación |
| 260 ## - PUBLICACIÓN, DISTRIBUCIÓN, ETC. | |
| Lugar de publicación, distribución, etc. | México |
| 260 ## - PUBLICACIÓN, DISTRIBUCIÓN, ETC. | |
| Nombre del editor, distribuidor, etc. | Instituto de las Mujeres del Distrito Federal : Universidad Autónoma Metropolitana-Unidad Azcapotzalco |
| 260 ## - PUBLICACIÓN, DISTRIBUCIÓN, ETC. | |
| Fecha de publicación, distribución, etc. | 2004 |
| 300 ## - DESCRIPCIÓN FÍSICA | |
| Extensión | [65] p. |
| 520 ## - SUMARIO, ETC. | |
| Sumario, etc. | En tanto el concepto de pubertad hace referencia fundamentalmente a los cambios biológicos y fisiológicos que se asocian a la maduración sexual, el de adolescencia es un concepto más amplio, que abarca también los cambios de conducta y de status social y entre las manifestaciones culturales y de conducta, por una parte, y las físicas, por otra. También es el período durante el cual tiene lugar la adaptación sexual, social, ideológica y vocacional y se pugna por la independencia de los padres |
| 650 ## - PUNTO DE ACCESO ADICIONAL DE MATERIA--TÉRMINO DE MATERIA | |
| Término de materia o nombre geográfico como elemento de entrada | ADOLESCENCIA |
| 9 (RLIN) | 291 |
| 650 ## - PUNTO DE ACCESO ADICIONAL DE MATERIA--TÉRMINO DE MATERIA | |
| Término de materia o nombre geográfico como elemento de entrada | DATOS ESTADISTICOS |
| 650 ## - PUNTO DE ACCESO ADICIONAL DE MATERIA--TÉRMINO DE MATERIA | |
| Término de materia o nombre geográfico como elemento de entrada | EDUCACION |
| 650 ## - PUNTO DE ACCESO ADICIONAL DE MATERIA--TÉRMINO DE MATERIA | |
| Término de materia o nombre geográfico como elemento de entrada | EMBARAZO EN ADOLESCENTES |
| 9 (RLIN) | 193 |
| 650 ## - PUNTO DE ACCESO ADICIONAL DE MATERIA--TÉRMINO DE MATERIA | |
| Término de materia o nombre geográfico como elemento de entrada | JOVENES |
| 9 (RLIN) | 133 |
| 650 ## - PUNTO DE ACCESO ADICIONAL DE MATERIA--TÉRMINO DE MATERIA | |
| Término de materia o nombre geográfico como elemento de entrada | MEXICO. DISTRITO FEDERAL |
| 650 ## - PUNTO DE ACCESO ADICIONAL DE MATERIA--TÉRMINO DE MATERIA | |
| Término de materia o nombre geográfico como elemento de entrada | SEXUALIDAD |
| 650 ## - PUNTO DE ACCESO ADICIONAL DE MATERIA--TÉRMINO DE MATERIA | |
| Término de materia o nombre geográfico como elemento de entrada | TRABAJO |
| 650 ## - PUNTO DE ACCESO ADICIONAL DE MATERIA--TÉRMINO DE MATERIA | |
| Término de materia o nombre geográfico como elemento de entrada | VIOLENCIA EN EL NOVIAZGO |
| 9 (RLIN) | 631 |
| 942 ## - ELEMENTOS DE ENTRADA AGREGADA (KOHA) | |
| Tipo de ítem Koha | Documento en papel |
| Estado de retiro | Estado de pérdida | Estado dañado | No para préstamo | Biblioteca de origen | Biblioteca actual | Fecha de adquisición | Número de inventario | Total de préstamos | Signatura topográfica completa | Código de barras | Fecha visto por última vez | Precio válido a partir de | Tipo de ítem Koha |
|---|---|---|---|---|---|---|---|---|---|---|---|---|---|
| CEDOC | CEDOC | 12/03/2021 | 1168 | IMDF 305.235 I57 | 9808 | 12/03/2021 | 12/03/2021 | Documento en papel |